MDQL
is popping MORE tags! Check the
thread
!
Quizzes
Events
Quiz Creation
Community
Videos
Private Events
Remove Ads
Sign In
Join for FREE
Feedback
Dark Mode
Quiz Categories
Sports
Geography
Music
Movies
Television
Just For Fun
Miscellaneous
History
Literature
Language
Science
Gaming
Entertainment
Religion
Holiday
For Kids
Quiz Lab
Recent
Popular Today
Quiz Kudos Today
Editor Picks
Curator Picks
Quizzes by...
Day
Popularity
Type
Ratings
Length
Year
Community
Subscriptions
Recent Discussions
Orange Saloon
Badges
Playlists
Quests
Create
Leaderboards
Showdown
Live 5
Trivia Bingo
Activity
Puzzle Library
Sporcle Events
Private Events
Virtual Trivia
Globe League
Become a Host
Pub Owners
SporcleCon
Opinionation
Our Games
Videos
Blog
Mobile Apps
Partnerships
Remove Ads and Go Orange
Feedback
Sports
Athletes
MLB
NBA
NHL
NFL
Soccer
Sports Teams
WWE
NCAA
Football
Premier League
Basketball
Baseball
Hockey
Golf
Tennis
Cricket
Rugby
Auto Racing
Olympics
World Cup
Sports
Athletes
MLB
NBA
NHL
NFL
Soccer
Sports Teams
WWE
NCAA
Football
Premier League
Basketball
Baseball
Hockey
Golf
Tennis
Cricket
Rugby
Auto Racing
Olympics
World Cup
Random Quiz
Search Sporcle
×
Quiz Lab
Quiz Lab
Sports
homo
Type in answers that appear in a list
Type in answers that appear in a list
Classic
Best Score? Go Orange.
SM-Liiga points leaders by season Stats
Can you name the SM-Liiga points leaders by season?
By
jayleno
10m
24 Questions
3 Plays
3 Plays
3 Plays
Comments
Comments
Give Quiz Kudos
Give Quiz Kudos
-
- Ratings
hide this ad
Replay
Link that replays current quiz
Next Quiz
Link to next quiz in quiz playlist
You Got
0%
They Got
Avg Score
80%
Avg Friend Score
Upgrade to see
Score Distribution
Jump to the score distribution portion of the page
Score
0/24
Timer
10:00
0
Plays Today
top scorers by season
% Correct
2010-
11, 27 + 23 = 50
Markus Pakarinen, JYP
100%
2009-
10, 17 + 36 = 53
Jani Fagerholm, HIFK
100%
2008-
09 ,19 + 32 = 51
Jani Fagerholm, HIFK
100%
2007-
08 ,31 + 20 = 51
Juuso Turpeinen, Jokerit
100%
2006-
07 ,26 + 20 = 46
Juuso Turpeinen, Jokerit
100%
2005-
06, 23 + 26 = 49
Jani Fagerholm, HIFK
100%
2004-
05, 15 + 30 = 45
Ronny Nilsson, Hokki
100%
2003-
04, 20 + 23 = 43
Ville Piiroinen, TPS
100%
2002-
03, 25 + 28 = 53
Veli-Matti Kaikkonen, Ässät
100%
2001-
02, 18 + 30 = 48
Veli-Matti Kaikkonen, Ilves
100%
2000-
01, 30 + 20 = 50
Riku Karjalainen, TPS
100%
1998-
99, 22 + 25 = 47
Riku Karjalainen, Jokerit
100%
top scorers by season
% Correct
1987-
88, 19 + 30 = 49
Seppo Järvelä, K-Espoo
66.7%
1999-
00, 22 + 27 = 49
Kai Tarkiainen, Kärpät
66.7%
1995-
96, 18 + 28 = 46
Jouni Ikonen, Reipas
66.7%
1994-
95, 20 + 25 = 45
Jouni Ikonen, Reipas
66.7%
1993-
94, 17 + 24 = 41
Jouni Ikonen, Reipas
66.7%
1992-
93, 22 + 23 = 45
Reijo Mäkitalo, TPS
66.7%
1991-
92, 21 + 30 = 51
Kalle Purola, HIFK
66.7%
1990-
91, 25 + 27 = 52
Kalle Purola, HIFK
66.7%
1989-
90, 24 + 20 = 44
Timo Kerkkä, Ässät
66.7%
1988-
89, 20 + 24 = 44
Reijo Mäkitalo, TPS
66.7%
1997-
08, 30 + 19 = 49
Kevin Lapointe, JYP
33.3%
1996-
97, 21 + 23 = 44
Kai Tarkiainen, TPS
33.3%
Quiz Playlist
Details
Report
Send in Message
Add To Playlist
Classic:
Type in answers that appear in a list
Last Updated: Feb 16, 2017
Quiz Scoreboard
CHALLENGE
Sign Up to Join the Scoreboard
Show All
Scores
Hide
Comments
May contain spoilers
Recently Published
Two Season TV Shows II
by 123Four
Television
10m
Image Sorting: Flags VI
by Barbecue
Geography
2m
Find the 'City' Movie
by crazypaving
Movies
60s
More to Explore
Quiz From the Vault
Featured Blog Post
14 Easter Pick-up Lines to Find Eggs With
hide this ad
You Might Also Like...
Tags
homo
Today's Top Quizzes in Sports
Browse Sports
hide this ad
Top Contributed Quizzes in Sports
1
Les meilleurs buteurs des matchs entre le PSG et l’OM
2
Les entraîneurs de l'OM et du PSG au 21e siècle
3
2022 World Cup Stars
4
Les joueurs passés par le PSG et l'OM
5
Players with Multiple 50 Home Run Seasons
6
Criteria MLB: Left Handed Sluggers
7
FIFA Club World Cup Champions
8
Les joueurs passés par le LOSC et le RC Lens
9
NBA Logic Puzzle 2.0
10
Top 10 NHL Goal Scorers of All Time
Explore More
Trending Topics
Harry Potter
NBA
Kpop
Disney
Anime
Crossword
Marvel
WWE
Song
Pokémon
NFL
The Office
Soccer
Puzzle
Country
hide this ad
More By:
jayleno
Quiz
Plays
Rating
Category
Featured
Created
Finnish Songs
146
Music
Apr 2, 2011
SM-Liiga points leaders by season
3
Sports
Mar 17, 2011
Go to Creator's Profile
Score Distribution
Quiz Creator Spotlight
jayleno
Follow
Send a Message
Quizzes Created
-
Created Quiz Play Count
-
More By This Creator
Popular Quizzes Today
1
Colored Red Africa Blitz
2
Find the US States - No Outlines Minefield
3
Find the 'City' Movie
4
5x2 Blitz: Bands
5
The Countries of the World
6
Find the US States
7
Find the Countries of Europe - No Outlines Minefield
8
US States
More Sports Quizzes
Philadelphia Eagles Yearly Rushing Leaders
Quiz Lab
Trending Quizzes
Colored Red Europe Blitz I
Colored Red Africa Blitz II
Colored Red Europe Blitz II
Colored Red Africa Blitz III
Colored Red Europe Blitz III
Recently Updated
How Do You Spell That?
pecheneg
Godzilla Movies
pecheneg
Grab Bag: 4-10 Letters
pecheneg
2024 March Madness Bracket
pecheneg
Famous TV Couples
Peacemaker
Champions League XIs: Real Madrid
pecheneg
Largest US Cities 1790-2010
pecheneg
Rides in Walt Disney World
pecheneg
Most Oscar Losses (Acting)
pecheneg
Beyoncé Albums
pecheneg
Trending Topics
Crossword
Kpop
Anime
Disney
Harry Potter
NBA
Marvel
Puzzle
Soccer
Country
NFL
The Office
Song
Pokémon
WWE
Your Account Isn't Verified!
In order to create a playlist on Sporcle, you need to verify the email address you used during registration. Go to your
Sporcle Settings
to finish the process.
Report this User
Report this user for behavior that violates our
Community Guidelines
.
Details:
Send Report
Go to the Sporcle.com Mobile Site →
Comments